000 00309nam a22001337a 4500
008 181219b xxu||||| |||| 00| 0 eng d
020 _a0517250225
041 _aeng
080 _a710
100 _a43
101 _aART
245 _aJapan A Picture Book To Rember Her By
_cGibbon.S
942 _2udc
_cBK
999 _c53502
_d53502